000 02432nam a22002657a 4500
008 230911s2023 xxk|||||o|||| 00| 0 eng d
041 _aeng
110 _aRoyal Institution of Chartered Surveyors
245 _aProperty agency and management principles, 1st edition
_ba consultation
_h[Electronic resource]
260 _aLondon,
_bRoyal Institution of Chartered Surveyors,
_c4 September 2023
300 _a7p.
490 _aRICS Consultation
500 _aConsultation opened 4th September 2023, closes 16th October 2023
520 _aReflecting the changing nature of real estate and the work carried out by RICS members, this new professional standard covers residential and commercial auctioneering, property agency and property management as well as mixed-use real estate. Aiming to ensure that we not only reflect best practice now, but that we also drive forward the highest standards for the future, this professional standard addresses some areas that we haven’t covered before and we are keen to get feedback on how feasible this is. This standard is intended to replace, and significantly reduce the size of, the current Real Estate Agency and Brokerage 3rd edition (2016), creating a more succinct set of principles for RICS members and firms to follow, globally. These principles cover best practice in working with clients and managing business and staff. Other existing RICS documents that are being consolidated as part of this project are: Commercial Property Management in England and Wales, 2nd edition; Real Estate Management, 3rd edition; UK Commercial Real Estate Agency, 1st edition; UK Residential Real Estate Agency, 6th edition; Managing mixed use developments, 1st edition; RICS is currently working on new practical professional standards in both property agency and property management.
650 _aAGENCY
650 _aBLUE BOOK
650 _aRESIDENTIAL ESTATE AGENCY
650 _aREAL ESTATE AGENCY CODE
651 _aUnited Kingdom
690 _96262
_aProperty management
710 _aRoyal Institution of Chartered Surveyors
856 _uhttps://consultations.rics.org/gf2.ti/f/1542850/177780997.1/PDF/-/Property%20agency%20and%20management%20principles_clean%20for%20consultation.pdf
_zView the consultation document on RICS.org
856 _uhttps://consultations.rics.org/propertyagencyandmanagement/
_zView the RICS iConsult homepage on property agency
942 _n0
999 _c121662
_d121662